00315nam a2200121Ia 4500008004100000041000800041082001700049100002000066245003000086260004400116300002400160365000900184240624s9999 xx 000 0 und d aeng a658.8342 FAB aFABOZZI FRANK J aSUBPRIME CONSUMER LENDING c1999aPennsylvaniabJohn Wiley and Sons a182 : p. : cm. ; 24 cb30